Départements Limitrophes De Seine-Saint-Denis - Statistiques

Statistiques générales
  • Ce quiz a été pris 81 fois
  • Le résultat moyen est 5 sur 5
Statistiques - réponses
Départements % Correct
Paris
97%
Seine-et-Marne
96%
Val-de-Marne
95%
Val-d'Oise
95%
Hauts-de-Seine
86%
Aucun quiz correspondant
Distribution des résultats
% des personnes avec chaque résultat
Percentile par nombre de réponses
Votre historique - résultats
Vous n’avez pas pris ce quiz